000 00624nam a2200193 4500
020 _a0471032468
082 0 0 _a624
_bANT
_cL-14, P-95.
100 1 _aAntill, James M.
_942217
245 1 0 _aCritical path methods in construction practice
_c[by] James M. Antill [and] Ronald W. Woodhead.
250 _a2d ed.
260 _aNew York,
_bWiley-Interscience
_c[1970]
300 _axii, 414 p.
_billus.
_c23 cm.
526 _a0
_b0
_c0
_d624_000000000000000_ANT
650 0 _aCritical path analysis.
_926640
650 0 _aEngineering
_xManagement.
650 0 _aMCE
_9379
700 1 _aWoodhead, Ronald W.,
_942218
942 _2ddc
_cBK
999 _c546141
_d546141